| 000 | 00569nam a22002057a 4500 | ||
|---|---|---|---|
| 003 | OSt | ||
| 005 | 20180116183002.0 | ||
| 008 | 150304b xxu||||| |||| 00| 0 eng d | ||
| 020 | _a9788178080291 | ||
| 040 |
_a0 _c0 |
||
| 082 | _a650.1 CAM | ||
| 100 | _aSheila Cameron | ||
| 245 |
_aBusiness Student's Handbook _bDeveloping Transferable Skills _cSheila Cameron |
||
| 260 |
_aNew York _bOxford University Press _c1999 |
||
| 300 |
_a369p. _bPB |
||
| 440 | _aBusiness Student's Handbook | ||
| 600 | _aSheila Cameron | ||
| 700 | _aSheila Cameron | ||
| 942 |
_2ddc _cBK |
||
| 999 |
_c349893 _d349893 |
||